Turkish Food Words Quiz - Statistics

General Stats
  • This quiz has been taken 199 times
  • The average score is 19 of 30
Answer Stats
Turkish English % Correct
Ekmek Bread
97%
Elma Apple
95%
Balık Fish
93%
Süt Milk
93%
Çorba Soup
92%
Peynir Cheese
88%
Tavuk Chicken
86%
Portakal Orange
86%
Zeytin Olive
79%
Çilek Strawberry
78%
Karpuz Watermelon
70%
Kiraz Cherry
68%
Biber Pepper
68%
Patlıcan Aubergine
62%
Fasulye Beans
61%
Soğan Onion
59%
Armut Pear
58%
Mısır Corn
57%
Tereyağı Butter
56%
Kurabiye Cookie
55%
Kavun Melon
53%
Badem Almond
51%
Nane Mint
47%
Mantar Mushroom
45%
Hardal Mustard
40%
Lahana Cabbage
36%
Zencefil Ginger
33%
Karides Shrimp
29%
Istakoz Lobster
27%
Kabak Pumpkin
27%
No matching quizzes found
Score Distribution
Percent of People with Each Score
Percentile by Number Answered
Your Score History
You have not taken this quiz